| 000 | 00646nam a2200241Ia 4500 | ||
|---|---|---|---|
| 008 | 171025s9999 xx 000 0 und d | ||
| 020 | _a9780071257756 | ||
| 050 | _a616.02 | ||
| 050 | _bN277 2006 | ||
| 100 | _aNational Safety Council | ||
| 245 | _aStandard first aid, CPR, and AED / | ||
| 245 | _cby National Safety Council. | ||
| 260 | _aPhilippines : | ||
| 260 | _bMcGraw Hill, | ||
| 260 | _c2006 | ||
| 300 | _avi, 138 pages : | ||
| 300 | _billustrations ; | ||
| 300 | _c25cm. | ||
| 650 | _aAutomated external defibrillation. | ||
| 650 | _aCPR (First aid). | ||
| 650 | _aFirst aid in illness and injury. | ||
| 700 | _aTitle. | ||
| 999 |
_c344679 _d344679 |
||